书目信息 |
| 题名: |
篮球王国NBA
|
|
| 作者: | 苏群 编著 | |
| 分册: | ||
| 出版信息: | 西安 西安交通大学出版社 2001.08 |
|
| 页数: | 371页 | |
| 开本: | 20cm | |
| 丛书名: | ||
| 单 册: | ||
| 中图分类: | H319.4:G8 | |
| 科图分类: | ||
| 主题词: | 英语 | |
| 电子资源: | ||
| ISBN: | 7-5605-1393-X | |
| 000 | 00525nam0 2200193 45 | |
| 001 | 0459974261 | |
| 005 | 2004042716393347 | |
| 010 | @a7-5605-1393-X@dCNY 18.00 | |
| 100 | @a20040427d2001 km y0chiy0120 ea | |
| 101 | 0 | @achi |
| 102 | @aCN@b610000 | |
| 200 | 1 | @a篮球王国NBA@ALan Qiu Wang Guo NBA@f苏群编著@FSu Qun Bian Zhu |
| 210 | @a西安@c西安交通大学出版社@d2001.08 | |
| 215 | @a371页@d20cm | |
| 606 | 0 | @a英语 |
| 690 | @aH319.4:G8@v3 | |
| 701 | 0 | @a苏群@ASu Qun@4编著 |
| 801 | 0 | @aCN@bPFT@c20040427 |
| 905 | @dH319.4:G8@eS852 | |
| 篮球王国NBA/苏群编著.-西安:西安交通大学出版社,2001.08 |
| 371页;20cm |
| ISBN 7-5605-1393-X:CNY 18.00 |
| ● |
| 相关链接 |
|
|
|
正题名:篮球王国NBA
索取号:H319.4:G8/S852
 
预约/预借
| 序号 | 登录号 | 条形码 | 馆藏地/架位号 | 状态 | 备注 |
| 1 | 382646 | 203826468 | 语言库209/209语言库 52排4列6层/ [索取号:H319.4:G8/S852] | 在馆 | |
| 2 | 382647 | 203826477 | 语言库209/209语言库 52排4列6层/ [索取号:H319.4:G8/S852] | 在馆 | |
| 3 | 382648 | 203826486 | 语言库209/209语言库 52排4列6层/ [索取号:H319.4:G8/S852] | 在馆 |